[Event "IND-chT 44th"]
[Site "Ahmedabad"]
[Date "2025.03.06"]
[Round "2.2"]
[White "Raahul, VS."]
[Black "Hiren, KG."]
[Result "0-1"]
[WhiteElo "2405"]
[BlackElo "1971"]
[PlyCount "70"]
[EventDate "2025.03.05"]
[EventType "team-swiss"]
[EventRounds "9"]
[EventCountry "IND"]
[SourceTitle "CB12_2025"]
[SourceDate "2025.03.19"]
[SourceVersion "1"]
[SourceVersionDate "2025.03.19"]
[SourceQuality "1"]
[WhiteTeam "Airports Authority"]
[BlackTeam "Tamil Nadu"]
[WhiteTeamCountry "IND"]
[BlackTeamCountry "IND"]

1. d4 Nf6 2. c4 e6 3. Nc3 Bb4 4. e3 0-0 5. Bd2 d5 6. Nf3 b6 7. cxd5 exd5 8. Bd3 c5 9. Ne5 Ba6 10. Bxa6 Nxa6 11. Qa4 Bxc3 12. Bxc3 Nc7 13. dxc5 bxc5 14. 0-0 Ne4 15. Ba5 Qd6 16. Nd3 Ne6 17. Rfd1 Rfc8 18. f3 Nf6 19. Bc3 d4 20. Ne1 Nd5 21. exd4 Ne3 22. Rd2 cxd4 23. Bb4 Qd5 24. Nd3 a5 25. Ba3 Rc4 26. Qb3 a4 27. Qb6 Rc6 28. Qb4 Nc2 29. Rxc2 Rxc2 30. Re1 Qg5 31. Nf2 Rc1 32. g3 Rac8 33. Nd3 Qe3+ 34. Kg2 R8c2+ 35. Kh3 Qh6+ 0-1

[Event "Polanica Zdroj op 60th"]
[Site "Polanica Zdroj"]
[Date "2024.08.22"]
[Round "6"]
[White "Hiren, KG."]
[Black "Zhang, Ruijia"]
[Result "1/2-1/2"]
[WhiteElo "2035"]
[BlackElo "1913"]
[PlyCount "71"]
[EventDate "2024.08.17"]
[EventType "swiss"]
[EventRounds "9"]
[EventCountry "POL"]
[SourceTitle "CBM 221 Extra"]
[Source "ChessBase"]
[SourceDate "2024.09.30"]
[SourceVersion "1"]
[SourceVersionDate "2024.09.30"]
[SourceQuality "1"]

1. e4 e6 2. Qe2 c5 3. Nf3 g6 4. g3 Bg7 5. Bg2 Ne7 6. 0-0 0-0 7. d3 Nbc6 8. Nbd2 b5 9. h4 Bb7 10. Rd1 Re8 11. Nf1 d5 12. e5 Qc7 13. Bf4 d4 14. g4 Nd5 15. Bg3 Rad8 16. g5 Nce7 17. N1h2 Nf5 18. Ng4 Nxg3 19. fxg3 Ne3 20. Nxe3 dxe3 21. Qxe3 Bxf3 22. Qxf3 Bxe5 23. Kh2 Rd4 24. Kh3 Rb4 25. c3 Rxb2 26. d4 cxd4 27. cxd4 Bg7 28. Rac1 Rc2 29. Rxc2 Qxc2 30. d5 exd5 31. Qxd5 Qc4 32. Qb7 Be5 33. Rd7 Qe6+ 34. g4 Bb8 35. Qd5 Qe3+ 36. Qf3 1/2-1/2

[Event "Polanica Zdroj op 60th"]
[Site "Polanica Zdroj"]
[Date "2024.08.21"]
[Round "5"]
[White "Nicolas, Pierre"]
[Black "Hiren, KG."]
[Result "0-1"]
[WhiteElo "1936"]
[BlackElo "2035"]
[PlyCount "78"]
[EventDate "2024.08.17"]
[EventType "swiss"]
[EventRounds "9"]
[EventCountry "POL"]
[SourceTitle "CBM 221 Extra"]
[Source "ChessBase"]
[SourceDate "2024.09.30"]
[SourceVersion "1"]
[SourceVersionDate "2024.09.30"]
[SourceQuality "1"]

1. a3 g6 2. d3 Bg7 3. g3 c5 4. Bg2 Nc6 5. Nf3 d5 6. 0-0 h5 7. Nbd2 h4 8. Nxh4 g5 9. Nhf3 g4 10. Nh4 Bf6 11. Re1 Bxh4 12. gxh4 e5 13. Nf1 Be6 14. b4 Qxh4 15. bxc5 Nge7 16. a4 f5 17. e3 0-0-0 18. d4 e4 19. a5 a6 20. Rb1 Ng6 21. Rb6 Kc7 22. Re2 Bc8 23. c4 dxc4 24. d5 Nge5 25. d6+ Kb8 26. Ng3 Qxh2+ 27. Kf1 Nf3 28. Reb2 Qg1+ 29. Ke2 Qxg2 30. Qd5 Nfe5 31. Rxc6 Qf3+ 32. Kd2 Nxc6 33. Qxc6 Qxf2+ 34. Ne2 c3+ 35. Kxc3 Qe1+ 36. Bd2 Qxe2 37. Qc7+ Ka8 38. c6 Qd3+ 39. Kb4 Qxd6+ 0-1

[Event "Bangalore op-A 1st"]
[Site "Bangalore"]
[Date "2024.01.18"]
[Round "1"]
[White "Adireddy, Arjun"]
[Black "Hiren, KG."]
[Result "1-0"]
[WhiteElo "2415"]
[BlackElo "2052"]
[PlyCount "103"]
[EventDate "2024.01.18"]
[EventType "swiss"]
[EventRounds "10"]
[EventCountry "IND"]
[SourceTitle "CBM 218 Extra"]
[Source "ChessBase"]
[SourceDate "2024.03.31"]
[SourceVersion "1"]
[SourceVersionDate "2024.03.31"]
[SourceQuality "1"]

1. e4 c5 2. Nf3 a6 3. c4 e6 4. d4 cxd4 5. Nxd4 Nf6 6. Bd3 Nc6 7. Nxc6 dxc6 8. 0-0 e5 9. Qe2 Bc5 10. Be3 Qb6 11. Bxc5 Qxc5 12. h3 Be6 13. Nd2 Rd8 14. Nb3 Qb4 15. Rac1 0-0 16. Rc3 Qe7 17. Nd2 c5 18. Rd1 Nd7 19. Bc2 Nb8 20. Ba4 Rd4 21. Nf3 b5 22. Bb3 Rxd1+ 23. Qxd1 b4 24. Rd3 f6 25. Rd6 Kf7 26. Ba4 Qc7 27. Nh4 g6 28. b3 Ke7 29. Rd2 Bc8 30. Nf3 Bb7 31. Re2 Rd8 32. Qc1 Kf8 33. h4 Kg7 34. h5 Qe7 35. Qe3 Rd1+ 36. Re1 Rxe1+ 37. Nxe1 Bc6 38. Bxc6 Nxc6 39. Nd3 Nd4 40. hxg6 hxg6 41. f4 exf4 42. Nxf4 Nf5 43. Nxg6 Nxe3 44. Nxe7 Nd1 45. Nd5 Nc3 46. Nc7 a5 47. Ne6+ Kf7 48. Nxc5 Nxa2 49. Kf2 Nc1 50. Ke3 Nxb3 51. Nxb3 a4 52. Nc5 1-0

[Event "Chennai Murali Mohan Memorial 2nd"]
[Site "Chennai"]
[Date "2023.07.16"]
[Round "7"]
[White "Hiren, KG."]
[Black "Adhiadhavan, G."]
[Result "1-0"]
[WhiteElo "1782"]
[BlackElo "1251"]
[PlyCount "65"]
[EventDate "2023.07.15"]
[EventType "swiss (rapid)"]
[EventRounds "9"]
[EventCountry "IND"]
[SourceTitle "CBM 215 Extra"]
[Source "ChessBase"]
[SourceDate "2023.09.30"]
[SourceVersion "1"]
[SourceVersionDate "2023.09.30"]
[SourceQuality "1"]

1. e4 c5 2. Nf3 d6 3. d4 cxd4 4. Nxd4 Nf6 5. f3 e5 6. Nb3 Be6 7. c4 Be7 8. Be3 Nbd7 9. Nc3 a6 10. Be2 Rc8 11. Nd5 Bxd5 12. cxd5 0-0 13. 0-0 Nh5 14. Qd2 h6 15. Rfc1 Rxc1+ 16. Rxc1 Nf4 17. Bf1 f5 18. exf5 Rxf5 19. Na5 b5 20. g3 Ng6 21. Bd3 Rf6 22. Nc6 Qf8 23. Qc2 Rxf3 24. Bxg6 Rxe3 25. Nxe7+ Qxe7 26. Qf2 Re2 27. Rc8+ Nf8 28. Qxe2 Qb7 29. Qc2 Qxd5 30. Bh7+ Kf7 31. Qf5+ Ke7 32. Qxf8+ Kd7 33. Qe8# 1-0

[Event "Benidorm op-A"]
[Site "Benidorm"]
[Date "2022.12.11"]
[Round "9"]
[White "Sanroman Costas, Mauro"]
[Black "Hiren, KG."]
[Result "1-0"]
[WhiteElo "2123"]
[BlackElo "1965"]
[PlyCount "119"]
[EventDate "2022.12.03"]
[EventType "swiss"]
[EventRounds "9"]
[EventCountry "ESP"]
[SourceTitle "CBM 211 Extra"]
[Source "ChessBase"]
[SourceDate "2023.01.31"]
[SourceVersion "1"]
[SourceVersionDate "2023.01.31"]
[SourceQuality "1"]

1. e4 c5 2. a3 g6 3. b4 Bg7 4. Nc3 Nf6 5. Rb1 d6 6. g3 Nc6 7. Bg2 0-0 8. Nge2 e5 9. 0-0 Nd4 10. bxc5 dxc5 11. Nxd4 cxd4 12. Ne2 d3 13. cxd3 Qxd3 14. Nc3 Rd8 15. Bf3 Bh6 16. Be2 Qd4 17. Rb4 Qc5 18. Rb5 Qd4 19. Rb4 Qc5 20. Rb5 Qc7 21. d3 Bxc1 22. Qxc1 Bh3 23. Nd5 Nxd5 24. Rxd5 Qe7 25. Rxd8+ Rxd8 26. Rd1 Kg7 27. Qb2 Rd4 28. Rc1 b6 29. Rc3 h5 30. Qc1 Bg4 31. Bf1 a5 32. Qb2 Qe6 33. Rb3 Rd6 34. f4 f6 35. Rb5 exf4 36. gxf4 Bh3 37. f5 gxf5 38. Bxh3 Rxd3 39. Rxb6 Rd1+ 40. Bf1 Qe7 41. exf5 Qe3+ 42. Qf2 Qg5+ 43. Kh1 Rd2 44. Qg3 Qxg3 45. hxg3 Rf2 46. Kg1 Rxf5 47. Rb5 Rf3 48. Rxa5 Rxg3+ 49. Kf2 h4 50. a4 Ra3 51. Kg2 Kg6 52. Ra8 Kg5 53. a5 Ra2+ 54. Kg1 Kf4 55. a6 f5 56. Rg8 Ra1 57. Rg7 Kf3 58. a7 h3 59. Kh2 f4 60. Bxh3 1-0

[Event "Benidorm op-A"]
[Site "Benidorm"]
[Date "2022.12.10"]
[Round "8"]
[White "Hiren, KG."]
[Black "Priyanka, K."]
[Result "0-1"]
[WhiteElo "1965"]
[BlackElo "2146"]
[PlyCount "42"]
[EventDate "2022.12.03"]
[EventType "swiss"]
[EventRounds "9"]
[EventCountry "ESP"]
[SourceTitle "CBM 211 Extra"]
[Source "ChessBase"]
[SourceDate "2023.01.31"]
[SourceVersion "1"]
[SourceVersionDate "2023.01.31"]
[SourceQuality "1"]

1. e4 e5 2. Nf3 Nc6 3. Bb5 f5 4. d3 fxe4 5. dxe4 Nf6 6. 0-0 Bc5 7. Nbd2 d6 8. h3 0-0 9. c3 Kh8 10. Qe2 Nh5 11. Rd1 Nf4 12. Qf1 Qe8 13. Kh1 Qh5 14. Ng1 Nxh3 15. gxh3 Rxf2 16. Qxf2 Bxf2 17. Rf1 Qh4 18. Ndf3 Qg3 19. Nh2 Be6 20. Ne2 Qh4 21. Bd3 d5 0-1

[Event "Benidorm op-A"]
[Site "Benidorm"]
[Date "2022.12.08"]
[Round "6"]
[White "Hiren, KG."]
[Black "Fernandez Garcia, Gumersindo"]
[Result "0-1"]
[WhiteElo "1965"]
[BlackElo "2172"]
[PlyCount "124"]
[EventDate "2022.12.03"]
[EventType "swiss"]
[EventRounds "9"]
[EventCountry "ESP"]
[SourceTitle "CBM 211 Extra"]
[Source "ChessBase"]
[SourceDate "2023.01.31"]
[SourceVersion "1"]
[SourceVersionDate "2023.01.31"]
[SourceQuality "1"]

1. e4 c5 2. Nf3 g6 3. g3 Bg7 4. Bg2 Nc6 5. 0-0 d6 6. c3 e5 7. a3 Nge7 8. b4 a6 9. d3 0-0 10. Nbd2 h6 11. Rb1 b6 12. a4 cxb4 13. cxb4 b5 14. d4 exd4 15. Nb3 Bg4 16. Bb2 bxa4 17. Nbxd4 Nxb4 18. Qxa4 Nd3 19. Ba3 Nc5 20. Bxc5 dxc5 21. Nb3 Bd7 22. Qa3 c4 23. Na5 Bb5 24. Rfc1 Rc8 25. Nb7 Qc7 26. Nd6 Qc5 27. Qxc5 Rxc5 28. Bf1 c3 29. Bxb5 axb5 30. e5 Rb8 31. Ne4 Rc4 32. Nd6 Rc5 33. Ne4 Rc6 34. Nxc3 b4 35. Ne2 Rcb6 36. Rb3 Nc6 37. Ned4 Na5 38. Rbb1 b3 39. Rc5 Nb7 40. Rd5 b2 41. Nb5 Bf8 42. Rxb2 Nc5 43. Nfd4 Nd3 44. Rb3 Nc5 45. Rb1 Na4 46. Ra1 Nc5 47. Rb1 h5 48. Kg2 R8b7 49. h3 Be7 50. g4 hxg4 51. hxg4 Kg7 52. f3 Ne6 53. Nxe6+ fxe6 54. Rd4 Rxb5 55. Rxb5 Rxb5 56. Rd7 Kf8 57. f4 Rb3 58. Rc7 g5 59. f5 exf5 60. gxf5 Re3 61. f6 Ba3 62. Ra7 Bc5 0-1

[Event "Benidorm op-A"]
[Site "Benidorm"]
[Date "2022.12.07"]
[Round "5"]
[White "Van Delft, Merijn"]
[Black "Hiren, KG."]
[Result "1-0"]
[WhiteElo "2363"]
[BlackElo "1965"]
[PlyCount "97"]
[EventDate "2022.12.03"]
[EventType "swiss"]
[EventRounds "9"]
[EventCountry "ESP"]
[SourceTitle "CBM 211 Extra"]
[Source "ChessBase"]
[SourceDate "2023.01.31"]
[SourceVersion "1"]
[SourceVersionDate "2023.01.31"]
[SourceQuality "1"]

1. e4 c5 2. Nf3 d6 3. d4 cxd4 4. Nxd4 Nf6 5. Nc3 a6 6. Bg5 e6 7. f4 Qb6 8. Nb3 h6 9. Bxf6 gxf6 10. Qf3 Nc6 11. 0-0-0 Bd7 12. Kb1 0-0-0 13. Qh5 Be7 14. g3 Kb8 15. Bh3 Qc7 16. Rhe1 Bc8 17. f5 Rdg8 18. Ne2 Rg5 19. Qh4 Ne5 20. Ned4 h5 21. Qf4 Ng4 22. Qd2 Rgg8 23. Qe2 e5 24. Nf3 Bd7 25. Bf1 Qb6 26. Rd2 Rc8 27. Nh4 a5 28. c4 Qb4 29. Na1 Bc6 30. a3 Qb6 31. h3 Nh6 32. Qxh5 a4 33. Qf3 Qa5 34. Red1 Bd8 35. Rxd6 Be7 36. R6d2 b6 37. Nc2 Qa8 38. Bg2 Bc5 39. Nb4 Bd4 40. Qe2 Ng8 41. Rxd4 exd4 42. Nxc6+ Qxc6 43. e5 Qc7 44. Qe4 Ka7 45. Nf3 fxe5 46. Nxe5 Rh6 47. Rxd4 Ka6 48. Rd7 Qb8 49. Qb7+ 1-0

[Event "Benidorm op-A"]
[Site "Benidorm"]
[Date "2022.12.04"]
[Round "2"]
[White "Hiren, KG."]
[Black "Escartin Lacasa, Jose"]
[Result "0-1"]
[WhiteElo "1965"]
[BlackElo "2284"]
[PlyCount "116"]
[EventDate "2022.12.03"]
[EventType "swiss"]
[EventRounds "9"]
[EventCountry "ESP"]
[SourceTitle "EXT 2024"]
[Source "ChessBase"]
[SourceDate "2023.10.10"]
[SourceVersion "1"]
[SourceVersionDate "2023.10.10"]
[SourceQuality "1"]

1. e4 c5 2. Nf3 Nc6 3. c4 Nf6 4. Nc3 e6 5. Be2 Nd4 6. 0-0 d6 7. d3 Nxe2+ 8. Qxe2 Be7 9. d4 cxd4 10. Nxd4 a6 11. Rd1 Qc7 12. Be3 0-0 13. Rac1 Bd7 14. Nb3 Rac8 15. Bf4 e5 16. Bg5 Be6 17. Bxf6 Bxf6 18. Nd5 Bxd5 19. cxd5 Qd7 20. Na5 Bd8 21. Rxc8 Qxc8 22. Nc4 Qc5 23. b3 b5 24. Ne3 Bb6 25. Nf5 g6 26. Ne7+ Kg7 27. Qd2 Qc7 28. Nf5+ Kh8 29. Qh6 Rg8 30. Rc1 Qd8 31. Rc6 Bc5 32. b4 Bxb4 33. Ne3 a5 34. Ng4 Bc5 35. Qd2 Re8 36. Qh6 Rg8 37. Qd2 b4 38. Nxe5 Qf6 39. Qb2 Kg7 40. Nd3 Qxb2 41. Nxb2 Re8 42. Kf1 Rxe4 43. Ra6 Rd4 44. Na4 Rd1+ 45. Ke2 Ra1 46. Nxc5 Rxa2+ 47. Kd3 dxc5 48. g4 h6 49. f4 Kf8 50. d6 Ke8 51. Kc4 Kd7 52. Kd5 Rd2+ 53. Kxc5 b3 54. Rxa5 b2 55. Rb5 Rxh2 56. Rb7+ Kc8 57. d7+ Kxb7 58. d8Q Rc2+ 0-1

[Event "Krakow op-B 32nd"]
[Site "Krakow"]
[Date "2021.12.28"]
[Round "2"]
[White "Hiren, KG."]
[Black "Stebel, Agata"]
[Result "1-0"]
[WhiteElo "2058"]
[BlackElo "1880"]
[PlyCount "87"]
[EventDate "2021.12.27"]
[EventType "swiss"]
[EventRounds "9"]
[EventCountry "POL"]
[SourceTitle "EXT 2023"]
[Source "ChessBase"]
[SourceDate "2022.10.05"]
[SourceVersion "1"]
[SourceVersionDate "2022.10.05"]
[SourceQuality "1"]

1. e4 e5 2. Nf3 Nf6 3. Bc4 Nc6 4. d3 Be7 5. 0-0 0-0 6. Re1 h6 7. c3 d5 8. exd5 Nxd5 9. Nxe5 Nxe5 10. Rxe5 c6 11. Bxd5 cxd5 12. Qf3 Be6 13. Bf4 Qb6 14. Re2 Rfe8 15. Be3 Qb5 16. Bd4 Bd6 17. Nd2 Qxb2 18. Rb1 Qxa2 19. Rxb7 Qa6 20. Rb1 Qc8 21. Nf1 Qd7 22. Ne3 a5 23. Kh1 Bf8 24. g4 a4 25. g5 hxg5 26. Rg1 g4 27. Qf4 a3 28. Ra2 Reb8 29. Nxg4 Bxg4 30. Rxg4 Rb2 31. Ra1 a2 32. Rgg1 Qb7 33. Bxg7 Bxg7 34. Qf6 Kf8 35. Qxg7+ Ke7 36. Rae1+ Kd6 37. Qf6+ Kc5 38. Qd4+ Kb5 39. Re5 Ka6 40. Qa4+ Kb6 41. Rg6+ fxg6 42. Re6+ Kc7 43. Qf4+ Kc8 44. Qf8+ 1-0

[Event "IND-ch U13 31st"]
[Site "Jalandhar"]
[Date "2017.06.26"]
[Round "8"]
[White "Hiren, KG."]
[Black "Daaevik, Wadhawan"]
[Result "0-1"]
[WhiteElo "1726"]
[BlackElo "1495"]
[PlyCount "144"]
[EventDate "2017.06.21"]
[EventType "swiss"]
[EventRounds "11"]
[EventCountry "IND"]
[SourceTitle "CBM 179 Extra"]
[Source "ChessBase"]
[SourceDate "2017.08.23"]
[SourceVersion "1"]
[SourceVersionDate "2017.08.23"]
[SourceQuality "1"]

1. e4 d5 2. exd5 Qxd5 3. Nc3 Qd6 4. d4 Nf6 5. Bd3 a6 6. Nge2 e6 7. 0-0 Be7 8. f3 0-0 9. Be3 Nc6 10. Ne4 Qd8 11. Nxf6+ Bxf6 12. Be4 Ne7 13. Qd3 Ng6 14. Rad1 Kh8 15. f4 Ne7 16. c4 Rb8 17. Ng3 g6 18. a4 b5 19. axb5 axb5 20. b3 bxc4 21. bxc4 Bd7 22. Rf2 Ba4 23. Ra1 Rb3 24. Qd2 Rxe3 25. Qxe3 Bxd4 26. Qa3 Bc6 27. Qa2 Kg8 28. Re1 Qa8 29. Kh1 Bxf2 30. Qxf2 Nf5 31. Bxf5 exf5 32. h4 Re8 33. Rb1 Be4 34. Rd1 Qa4 35. Rc1 Qa3 36. Rg1 Qc3 37. c5 Rd8 38. Kh2 Rd5 39. h5 Qxc5 40. Qb2 Qe7 41. Kh3 Qd8 42. Qe2 Rd2 43. Qe1 Qd5 44. Qf1 c5 45. h6 Qd6 46. Qa1 Qf8 47. Qg7+ Qxg7 48. hxg7 Kxg7 49. Nxe4 fxe4 50. Kg3 f5 51. Rc1 Rd5 52. Kf2 Kf6 53. Ke3 Ke6 54. Rh1 h5 55. Ra1 Rd3+ 56. Ke2 Rd6 57. Rc1 Rc6 58. Kd2 Rd6+ 59. Ke2 Rd5 60. Ra1 c4 61. Ra6+ Rd6 62. Ra4 Rc6 63. Kd2 Kd5 64. Kc3 e3 65. Ra8 Ke4 66. g3 Kf3 67. g4 e2 68. Re8 Kf2 69. gxh5 gxh5 70. Kd2 c3+ 71. Kc2 e1Q 72. Rxe1 Kxe1 0-1

[Event "IND-ch U13 31st"]
[Site "Jalandhar"]
[Date "2017.06.24"]
[Round "5"]
[White "Hiren, KG."]
[Black "Panda, Sambit"]
[Result "1/2-1/2"]
[WhiteElo "1726"]
[BlackElo "2098"]
[PlyCount "98"]
[EventDate "2017.06.21"]
[EventType "swiss"]
[EventRounds "11"]
[EventCountry "IND"]
[SourceTitle "CBM 179 Extra"]
[Source "ChessBase"]
[SourceDate "2017.08.23"]
[SourceVersion "1"]
[SourceVersionDate "2017.08.23"]
[SourceQuality "1"]

1. e4 c5 2. Nf3 e6 3. d4 cxd4 4. Nxd4 Nf6 5. Nc3 d6 6. g4 h6 7. Be3 Nc6 8. Be2 Be7 9. Qd2 a6 10. Rg1 Bd7 11. 0-0-0 Qc7 12. f4 b5 13. Bf3 Nxd4 14. Qxd4 e5 15. Qd2 Rc8 16. Rg2 Qc4 17. Kb1 Bc6 18. Nd5 Bxd5 19. exd5 e4 20. Be2 Qc7 21. g5 hxg5 22. fxg5 Nd7 23. Bg4 Qc4 24. b3 Qc3 25. Qd4 Qxd4 26. Bxd4 Rc7 27. Bxd7+ Kxd7 28. Re1 Rh5 29. Rxe4 Bxg5 30. Bxg7 Bd8 31. Rf4 Kc8 32. c4 bxc4 33. bxc4 Rb7+ 34. Kc2 Rc7 35. Bc3 Re7 36. Bf6 Rc7 37. Rg8 Rxh2+ 38. Kc3 Rd7 39. Bxd8 Rxd8 40. Rxd8+ Kxd8 41. Rxf7 Rxa2 42. Ra7 Kc8 43. Kb3 Ra1 44. Kb4 Rb1+ 45. Kc3 Ra1 46. Kd3 Rd1+ 47. Ke4 Rc1 48. Rxa6 Rxc4+ 49. Kf5 Kc7 1/2-1/2